|
|
|
|
| LEADER |
00000ny a22000003n 4500 |
| 005 |
20110614130659.0 |
| 008 |
090826s2009 sp 000 0 spa d |
| 017 |
|
|
|a D.L.B16948-09
|
| 020 |
|
|
|a 9788476988435
|
| 035 |
|
|
|a 3373
|
| 040 |
|
|
|a SpMaUCDE
|d vLex
|
| 080 |
|
|
|a 336.225.68
|
| 090 |
|
|
|c 666
|d 666
|
| 100 |
1 |
|
|a Sarr ̤Riu, Jorge
|
| 245 |
1 |
3 |
|a El derecho a no autoinculparse del contribuyente
|h [Recurso electrn̤ico]
|b vigencia de las garanta̕s frente a la autoincriminacin̤ en los procedimientos ante la Inspeccin̤ de Hacienda /
|c Jorge Sarr ̤Riu
|
| 256 |
|
|
|a Servicio en ln̕ea
|
| 260 |
|
|
|a Barcelona :
|b Bosch,
|c 2009
|
| 300 |
|
|
|a 194 p. ;
|c 21 cm
|
| 504 |
|
|
|a Bibliog.: p. 189-194
|
| 506 |
1 |
|
|a Contenido solo disponible en los productos indicados
|d vLex Global
|d vLex Global (Academic Edition, excluding Law Schools)
|d vLex Global (U.S. Academic Edition, Law Schools)
|d vLex Global (U.S. Academic Edition, excluding Law Schools)
|d vLex Global (Academic Edition, Law Schools)
|
| 650 |
0 |
7 |
|a Derecho tributario
|2 Tesauro vLex
|
| 650 |
0 |
7 |
|a Contribuyentes
|2 Tesauro vLex
|
| 740 |
0 |
|
|a vLex Libros (Servicios en ln̕ea)
|
| 856 |
4 |
0 |
|u http://vlex.com/source/3373
|z Acceso restringido
|
| 942 |
|
|
|c BOOK
|
| 999 |
0 |
|
|a Taxation
|b Barcelona
|